[Collection containing 13 Masses, 8 Kyries, 4 Glorias, 1 Gloria trope, 3 Credos, 4 Sanctus, 42 Mass Proper sections, 5 Magnificats, 1 Te Deum, 21 office hymns, 1 processional hymn, 43 motets, 1 set of responses, 6 Benedicamus dominos, 1 Latin/German sacred piece, 2 French secular pieces, 1 Italian secular piece, 1 textless piece.

Saved in:
Bibliographic Details
Corporate Author: Trento (Italy : Province). Museo provinciale d'arte.
Format: Musical Score
Language:Latin
Published: 14--]
Subjects:
Tags: Add Tag
No Tags, Be the first to tag this record!
LEADER 01538ndm a2200349 4500
001 007701075-2
005 20041218194146.0
008 980209s14uu xx muz| a nn| lat d
035 0 |a ocm38939014 
040 |a MH-Mu  |c MH-Mu 
041 0 |a latgerfreita 
047 |a ms  |a zz  |a hy  |a mo  |a cp  |a pt 
110 1 |a Trento (Italy : Province).  |b Museo provinciale d'arte.  |k Manuscript.  |n 91. 
245 0 0 |a [Collection containing 13 Masses, 8 Kyries, 4 Glorias, 1 Gloria trope, 3 Credos, 4 Sanctus, 42 Mass Proper sections, 5 Magnificats, 1 Te Deum, 21 office hymns, 1 processional hymn, 43 motets, 1 set of responses, 6 Benedicamus dominos, 1 Latin/German sacred piece, 2 French secular pieces, 1 Italian secular piece, 1 textless piece. 
260 |c 14--] 
300 |a 1 ms. choirbook ([259] leaves) 
510 4 |a Census-catalogue of manuscript sources of polyphonic music 1400-1550,  |c III, 228-229 (TrentC 91). 
650 0 |a Masses  |y 15th century  |x Parts. 
650 0 |a Kyrie eleison (Music)  |y 15th century. 
650 0 |a Gloria in excelsis Deo (Music)  |y 15th century. 
650 0 |a Credo (Music)  |y 15th century. 
650 0 |a Sanctus (Music)  |y 15th century. 
650 0 |a Magnificat (Music)  |y 15th century. 
650 0 |a Polyphonic chansons  |y 15th century. 
650 0 |a Part songs  |y 15th century. 
650 0 |a Music  |v Manuscripts. 
650 0 |a Te Deum laudamus (Music)  |y 15th century. 
650 0 |a Hymns, Latin  |y 15th century. 
650 0 |a Motets  |y 15th century. 
650 0 |a Sacred vocal music  |y 15th century. 
988 |a 20020608 
906 |0 MH